000 00407nam a22001457a 4500
082 _a512.904
_bBAR
_cL-1, P-8
100 _aBarnard, s
_939155
245 _aHigher algebra
_cS. Barnard
250 _a1st ed.
260 _aLondon
_bLowe and brydone printers limited
_cc 1936.
300 _axiv, 585 p. :
_bill. ;
_c20 cm
526 _a0
_b0
_c0
_d512_904000000000000_BAR
650 _aMCE
_9379
942 _2ddc
_cBK
999 _c543690
_d543690